Documenta selecta: mutuas civitatis Arago-Cathalaunicae et ecclesiae relationes illustrantia

محفوظ في:
التفاصيل البيبلوغرافية
المؤلف الرئيسي: Vincke, Johannes (مؤلف)
التنسيق: كتاب
اللغة:اللاتينية
منشور في: Barcelona, España Biblioteca Balmes 1936
الموضوعات:
الوسوم: إضافة وسم
لا توجد وسوم, كن أول من يضع وسما على هذه التسجيلة!

MARC

LEADER 00000nam a2200000 a 4500
001 UCO4097
003 CL-VaPUC
005 20210521001547.0
008 000728e19360000SP |||||||||||||||||lat|d
999 |c 290181  |d 290179 
040 |c Pontificia Universidad Católica de Valparaíso 
082 0 4 |a 946 VIN 1936  |2 21 
100 0 |a Vincke, Johannes  |e author  |9 448241 
245 1 0 |a Documenta selecta:  |b  mutuas civitatis Arago-Cathalaunicae et ecclesiae relationes illustrantia 
260 |a Barcelona, España  |b Biblioteca Balmes  |c 1936 
300 |a 541 páginas 
583 |a last modification  |c 20000728 00:00:00  |k Rodrigo Vera 
650 0 |a Historia de España  |9 315435 
650 7 |a FUENTES HISTORICAS  |2 CL-VaPUC  |9 255666  |z ESPAÑA 
852 |a BIBCUR 
942 |c BK  |2 ddc 
945 |d 20000728 00:00:00  |a crobeson 
952 |0 0  |1 0  |2 ddc  |4 0  |6 946_000000000000000_VIN_1936  |7 0  |8 X  |9 339455  |a BIBHIS  |b BIBHIS  |d 2019-11-20  |i 1210084  |o 946 VIN 1936  |p 1210084  |r 2024-01-30  |t 1  |w 2019-11-20  |y BK_X  |k HIS